[Event "Kvika Reykjavik Open 2022"]
[Site "Reykjavik, Iceland"]
[Date "2022.04.08"]
[Round "4.48"]
[White "Roe, Simon J"]
[Black "Jonsson, Olafur Gisli"]
[Result "1-0"]
[WhiteElo "2211"]
[BlackElo "1847"]
[PlyCount "107"]
[EventDate "2022.??.??"]

1. d4 {[%eval 3,0]} Nf6 {[%eval 23,0]} 2. Nf3 {[%eval 12,0]} e6 {[%eval 27,0]}
3. c4 {[%eval 0,0]} d5 {[%eval 17,0]} 4. g3 {[%eval 18,0]} Be7 {[%eval 22,0]}
5. Bg2 {[%eval 22,0]} O-O {[%eval 31,0]} 6. O-O {[%eval 22,0]} c6 {[%eval 26,0]
} 7. Qc2 {[%eval 21,0]} Nbd7 {[%eval 35,0]} 8. Nbd2 {[%eval 54,0]} b6 {[%eval
7,0]} 9. Rd1 {[%eval 54,0]} Bb7 {[%eval 21,0]} 10. e4 {[%eval 58,0]} dxe4 {
[%eval 73,0]} 11. Nxe4 {[%eval 68,0]} Nxe4 {[%eval 66,0]} 12. Qxe4 {[%eval 75,
0]} Nf6 $6 {[%eval 128,0] Inaccuracy. Qc8 was best.} (12... Qc8 13. a4) 13. Qc2
{[%eval 99,0]} Qc7 {[%eval 143,0]} 14. Bf4 {[%eval 128,0]} Bd6 $6 {[%eval 200,
0] Inaccuracy. Qc8 was best.} (14... Qc8) 15. Bxd6 {[%eval 187,0]} Qxd6 {
[%eval 197,0]} 16. c5 {[%eval 186,0]} Qc7 {[%eval 202,0]} 17. Rac1 {[%eval 168,
0]} b5 {[%eval 177,0]} 18. Ne5 {[%eval 106,0]} Rad8 {[%eval 203,0]} 19. a4 {
[%eval 178,0]} a6 {[%eval 171,0]} 20. Ra1 {[%eval 186,0]} Ra8 {[%eval 200,0]}
21. Qe2 {[%eval 182,0]} Rfe8 {[%eval 219,0]} 22. h4 {[%eval 202,0]} Nd5 {
[%eval 228,0]} 23. Be4 {[%eval 174,0]} Rf8 {[%eval 225,0]} 24. Bc2 {[%eval 204,
0]} f5 $6 {[%eval 298,0] Inaccuracy. Rae8 was best.} (24... Rae8 25. Re1 Nb4
26. Be4 Rd8 27. Qd2 Nd5 28. h5 h6 29. axb5 cxb5 30. Rac1 Ne7 31. c6) 25. f4 {
[%eval 251,0]} g6 $6 {[%eval 368,0] Inaccuracy. h6 was best.} (25... h6 26. Bb3
Rad8 27. Rd2 Kh7 28. h5 Bc8 29. Qg2 Kg8 30. Qf3 bxa4 31. Rxa4 a5 32. Bc4) 26.
Bb3 {[%eval 389,0]} Rfe8 $6 {[%eval 492,0] Inaccuracy. Nf6 was best.} (26...
Nf6 27. Bxe6+) 27. Bxd5 {[%eval 501,0]} exd5 {[%eval 496,0]} 28. Qd2 {[%eval
398,0]} Kg7 $6 {[%eval 502,0] Inaccuracy. bxa4 was best.} (28... bxa4 29. Rxa4)
29. Ra3 {[%eval 402,0]} a5 {[%eval 438,0]} 30. axb5 {[%eval 426,0]} cxb5 {
[%eval 401,0]} 31. c6 {[%eval 392,0]} Bc8 {[%eval 433,0]} 32. Rc3 {[%eval 374,
0]} b4 {[%eval 412,0]} 33. Rc5 {[%eval 429,0]} Be6 {[%eval 406,0]} 34. Ra1 {
[%eval 419,0]} Reb8 {[%eval 423,0]} 35. Ra4 {[%eval 423,0]} Kh6 $6 {[%eval 568,
0] Inaccuracy. Rc8 was best.} (35... Rc8 36. h5 gxh5 37. Qh2 Bf7 38. Qh3 Bg6
39. Qh4 Rd8 40. b3 Be8 41. Qg5+ Bg6 42. Rb5) 36. b3 {[%eval 456,0]} Kg7 $6 {
[%eval 716,0] Inaccuracy. Ra7 was best.} (36... Ra7 37. g4) 37. Qa2 {[%eval
709,0]} Kh6 {[%eval 689,0]} 38. Raxa5 {[%eval 771,0]} Rxa5 {[%eval 746,0]} 39.
Qxa5 {[%eval 744,0]} Qc8 {[%eval 737,0]} 40. Qa7 {[%eval 604,0]} Ra8 {[%eval
639,0]} 41. Qb7 {[%eval 647,0]} Ra3 {[%eval 654,0]} 42. Qxc8 {[%eval 634,0]}
Bxc8 {[%eval 623,0]} 43. Rxd5 {[%eval 713,0]} Rxb3 {[%eval 669,0]} 44. Kf2 {
[%eval 607,0]} Rc3 {[%eval 709,0]} 45. Rb5 {[%eval 800,0]} b3 {[%eval 845,0]}
46. d5 {[%eval 837,0]} Ba6 {[%eval 875,0]} 47. Rb6 {[%eval 869,0]} Rc2+ {
[%eval 907,0]} 48. Ke3 {[%eval 896,0]} b2 {[%eval 921,0]} 49. d6 {[%eval 931,0]
} Re2+ {[%eval 907,0]} 50. Kf3 {[%eval 1032,0]} Rd2 {[%eval 1076,0]} 51. d7 {
[%eval 1101,0]} Rd5 {[%eval 1253,0]} 52. Nf7+ {[%eval 992,0]} Kg7 {[%eval 1033,
0]} 53. d8=Q {[%eval 1055,0]} Bb5 $6 {[%eval 32758,0] Checkmate is now
unavoidable. Rd3+ was best.} (53... Rd3+ 54. Kf2) 54. Qh8+ {[%eval 32760,0]}
1-0

[Event "Kvika Reykjavik Open 2022"]
[Site "Reykjavik, Iceland"]
[Date "2022.04.08"]
[Round "4.49"]
[White "Anand, Vignesh"]
[Black "Jaksland, Tim"]
[Result "1/2-1/2"]
[WhiteElo "1829"]
[BlackElo "2203"]
[PlyCount "89"]
[EventDate "2022.??.??"]

1. c4 {[%eval 23,0]} Nf6 {[%eval 29,0]} 2. Nc3 {[%eval 8,0]} e6 {[%eval 13,0]}
3. e4 {[%eval 13,0]} c5 {[%eval 35,0]} 4. e5 {[%eval 26,0]} Ng8 {[%eval 35,0]}
5. Nf3 {[%eval 0,0]} Nc6 {[%eval 62,0]} 6. d4 {[%eval 49,0]} cxd4 {[%eval 27,0]
} 7. Nxd4 {[%eval 39,0]} Nxe5 {[%eval 25,0]} 8. Ndb5 {[%eval 65,0]} a6 {
[%eval 4,0]} 9. Nd6+ {[%eval 62,0]} Bxd6 {[%eval 41,0]} 10. Qxd6 {[%eval 61,0]}
f6 {[%eval 41,0]} 11. Be3 {[%eval 15,0]} Ne7 {[%eval 41,0]} 12. Bb6 {[%eval 52,
0]} Nf5 {[%eval 34,0]} 13. Qb4 {[%eval 33,0]} Nc6 {[%eval 73,0]} 14. Qc5 {
[%eval 49,0]} d6 {[%eval 48,0]} 15. Bxd8 {[%eval 7,0]} dxc5 {[%eval 71,0]} 16.
Bb6 {[%eval 59,0]} Ne5 {[%eval 53,0]} 17. Bxc5 {[%eval 59,0]} g5 {[%eval 64,0]}
18. Be2 {[%eval 68,0]} h5 {[%eval 54,0]} 19. Ne4 {[%eval 23,0]} Kf7 {[%eval 13,
0]} 20. O-O-O {[%eval 16,0]} b5 {[%eval 46,0]} 21. cxb5 {[%eval 24,0]} axb5 {
[%eval 0,0]} 22. Nd6+ $6 {[%eval 57,0] Inaccuracy. Rhe1 was best.} (22. Rhe1
Bb7 23. Bxb5 Bxe4 24. Rxe4 Rhc8 25. b4 Rxa2 26. Kb1 Rca8 27. Rd8 Ra1+ 28. Kb2
R1a2+) 22... Nxd6 {[%eval 86,0]} 23. Bxd6 {[%eval 88,0]} Nc4 {[%eval 62,0]} 24.
Kb1 $6 {[%eval -66,0] Inaccuracy. Bxc4 was best.} (24. Bxc4 bxc4) 24... Bb7 {
[%eval -68,0]} 25. Bc5 $6 {[%eval -179,0] Inaccuracy. Bxc4 was best.} (25. Bxc4
bxc4 26. f3 g4 27. Bb4 Bd5 28. Rhf1 Rhg8 29. fxg4 hxg4 30. Bc3 f5 31. Rf2 Be4+)
25... Bd5 $2 {[%eval 6,0] Mistake. Bxg2 was best.} (25... Bxg2 26. Rhe1 Be4+
27. Ka1 Bc6 28. b3 Ne5 29. Rd6 g4 30. Kb2 Rhd8 31. Rc1 h4 32. a3) 26. Rhg1 $4 {
[%eval -149,0] Blunder. b3 was best.} (26. b3) 26... h4 $2 {[%eval -99,0]
Mistake. Rhc8 was best.} (26... Rhc8 27. b4 h4 28. Bh5+ Kg7 29. Rge1 Ra6 30.
Rxd5 exd5 31. Re7+ Kh6 32. Bf7 d4 33. Bxc4) 27. b3 {[%eval -85,0]} Ne5 $6 {
[%eval 26,0] Inaccuracy. Be4+ was best.} (27... Be4+ 28. Bd3) 28. Bd6 {[%eval
35,0]} Be4+ {[%eval 21,0]} 29. Kb2 {[%eval 14,0]} Rhc8 {[%eval 18,0]} 30. Rd2 {
[%eval 12,0]} Bc6 {[%eval 18,0]} 31. Bxe5 {[%eval 18,0]} fxe5 {[%eval 4,0]} 32.
a3 {[%eval 25,0]} Kf6 {[%eval 4,0]} 33. Rc1 $2 {[%eval 66,0] Mistake. g3 was
best.} (33. g3 e4 34. Rc2 Bd7 35. Bd1 hxg3 36. hxg3 Be8 37. Re2 Rd8 38. Bc2 Bg6
39. Bxe4 Bxe4) 33... b4 $6 {[%eval 22,0] Inaccuracy. Bxg2 was best.} (33...
Bxg2 34. Rxc8) 34. axb4 {[%eval 16,0]} Bxg2 {[%eval 14,0]} 35. Rxc8 {[%eval 11,
0]} Rxc8 {[%eval 0,0]} 36. b5 {[%eval 16,0]} Bd5 {[%eval 0,0]} 37. Rc2 {
[%eval 8,0]} Rb8 {[%eval 12,0]} 38. Rc7 {[%eval 0,0]} e4 {[%eval 8,0]} 39. Bc4
$6 {[%eval 62,0] Inaccuracy. Kc3 was best.} (39. Kc3 Ke5) 39... Ke5 {[%eval 6,
0]} 40. Kc3 {[%eval 44,0]} h3 {[%eval 0,0]} 41. Rh7 {[%eval 0,0]} g4 {[%eval 8,
0]} 42. Rg7 {[%eval 17,0]} Rf8 {[%eval 16,0]} 43. Rxg4 {[%eval 14,0]} Rxf2 {
[%eval 16,0]} 44. b6 {[%eval 2,0]} Kd6 {[%eval 17,0]} 45. Rg7 {[%eval 19,0]}
1/2-1/2

[Event "Kvika Reykjavik Open 2022"]
[Site "Reykjavik, Iceland"]
[Date "2022.04.08"]
[Round "4.50"]
[White "Popvasilev, Kaloyan"]
[Black "Herrera, Diego"]
[Result "1-0"]
[WhiteElo "2191"]
[BlackElo "1832"]
[PlyCount "65"]
[EventDate "2022.??.??"]

1. e4 {[%eval 33,0]} c5 {[%eval 32,0]} 2. Nf3 {[%eval 0,0]} d6 {[%eval 0,0]} 3.
d4 {[%eval 15,0]} cxd4 {[%eval 13,0]} 4. Nxd4 {[%eval 29,0]} Nf6 {[%eval 31,0]}
5. Nc3 {[%eval 18,0]} g6 $6 {[%eval 79,0] Inaccuracy. a6 was best.} (5... a6 6.
Bd3 e5 7. Nde2 Nc6 8. O-O Be6 9. h3 d5 10. exd5) 6. f4 $6 {[%eval 0,0]
Inaccuracy. Be3 was best.} (6. Be3 Nc6 7. f3 Bg7 8. Qd2 O-O 9. O-O-O d5 10.
exd5 Nxd5) 6... Nc6 {[%eval 0,0]} 7. Nxc6 {[%eval 6,0]} bxc6 {[%eval 13,0]} 8.
e5 {[%eval 25,0]} Nd7 {[%eval 21,0]} 9. exd6 {[%eval 35,0]} exd6 {[%eval 38,0]}
10. Be3 {[%eval 78,0]} Qe7 $2 {[%eval 71,0] Mistake. Be7 was best.} (10... Be7
11. Qd2) 11. Qd2 $6 {[%eval 3,0] Inaccuracy. Qd4 was best.} (11. Qd4) 11... Bg7
{[%eval 21,0]} 12. O-O-O {[%eval 31,0]} O-O {[%eval 0,0]} 13. Bd4 {[%eval 28,0]
} d5 {[%eval 15,0]} 14. Bxg7 {[%eval 1,0]} Kxg7 {[%eval 14,0]} 15. Be2 {
[%eval 9,0]} Nf6 {[%eval 5,0]} 16. Bf3 {[%eval 7,0]} Rb8 {[%eval 12,0]} 17. b3
$6 {[%eval 98,0] Inaccuracy. a3 was best.} (17. a3 Qd6 18. h3 Rd8 19. g4 d4 20.
g5 Nh5 21. Bxh5 gxh5 22. Ne4 Qd5 23. Nf6 Qa2) 17... Qa3+ {[%eval 95,0]} 18. Kb1
{[%eval 92,0]} Bf5 {[%eval 9,0]} 19. Ka1 {[%eval 55,0]} a5 {[%eval 3,0]} 20. h3
{[%eval 15,0]} a4 {[%eval 2,0]} 21. Qc1 $2 {[%eval -62,0] Mistake. Nxa4 was
best.} (21. Nxa4 Rb4) 21... Qb4 $4 {[%eval 5,0] Blunder. Qxc1+ was best.} (
21... Qxc1+) 22. Nxa4 {[%eval 72,0]} Ra8 {[%eval 75,0]} 23. Qb2 {[%eval 6,0]}
Qxf4 {[%eval 75,0]} 24. Rhf1 {[%eval 27,0]} Qg3 $4 {[%eval 377,0] Blunder.
Rfb8 was best.} (24... Rfb8 25. Nc3 Qg5 26. g4 Be6 27. Ne2 Kg8 28. Nd4 Bd7 29.
Bg2 Ne4 30. Bxe4 dxe4 31. Ne2) 25. Bg4 {[%eval 376,0]} Rxa4 {[%eval 427,0]} 26.
bxa4 {[%eval 402,0]} Rb8 {[%eval 376,0]} 27. Rf3 {[%eval 401,0]} Qd6 {[%eval
385,0]} 28. Qc3 $4 {[%eval 32,0] Blunder. Rb3 was best.} (28. Rb3 Ra8) 28...
Be4 {[%eval 49,0]} 29. Rf2 {[%eval 0,0]} h5 $4 {[%eval 163,0] Blunder. c5 was
best.} (29... c5 30. Rdf1 d4 31. Qe1 Qb6 32. Qb1 Qc7 33. Qe1) 30. Bf3 {[%eval
184,0]} Rb4 $4 {[%eval 497,0] Blunder. Kg8 was best.} (30... Kg8 31. a5) 31.
Bxe4 {[%eval 487,0]} Rxe4 {[%eval 405,0]} 32. Rdf1 {[%eval 408,0]} Re6 $2 {
[%eval 754,0] Mistake. d4 was best.} (32... d4 33. Qd2 Re6 34. g4 Kg8 35. Rf3
Ne4 36. Qf4 Qxf4 37. Rxf4 Ng3 38. Rb1 hxg4 39. hxg4) 33. Rxf6 {[%eval 753,0]}
1-0

[Event "Kvika Reykjavik Open 2022"]
[Site "Reykjavik, Iceland"]
[Date "2022.04.08"]
[Round "4.51"]
[White "Klasinc, Kristjan"]
[Black "Louis, Thibault"]
[Result "0-1"]
[WhiteElo "1779"]
[BlackElo "2181"]
[PlyCount "122"]
[EventDate "2022.??.??"]

1. e4 {[%eval 33,0]} e6 {[%eval 13,0]} 2. d3 {[%eval 5,0]} d5 {[%eval 0,0]} 3.
Nd2 {[%eval 13,0]} Nf6 {[%eval 0,0]} 4. Ngf3 {[%eval 31,0]} c5 {[%eval 14,0]}
5. g3 {[%eval 0,0]} g6 {[%eval 4,0]} 6. Bg2 {[%eval 32,0]} Bg7 {[%eval 24,0]}
7. O-O {[%eval 0,0]} O-O {[%eval 25,0]} 8. Re1 {[%eval 32,0]} Nc6 {[%eval 34,0]
} 9. c3 {[%eval 43,0]} e5 {[%eval 93,0]} 10. exd5 {[%eval 102,0]} Nxd5 {
[%eval 57,0]} 11. Nc4 {[%eval 81,0]} Re8 {[%eval 101,0]} 12. a4 $2 {[%eval 24,
0] Mistake. Qb3 was best.} (12. Qb3) 12... h6 {[%eval 19,0]} 13. Qe2 {[%eval
55,0]} g5 $2 {[%eval 61,0] Mistake. b6 was best.} (13... b6) 14. Nfd2 {[%eval
44,0]} f5 {[%eval 3,0]} 15. Nb3 {[%eval 36,0]} b6 {[%eval 43,0]} 16. Qf3 $2 {
[%eval 92,0] Mistake. a5 was best.} (16. a5 Rb8) 16... Be6 {[%eval -91,0]} 17.
Qd1 $6 {[%eval -23,0] Inaccuracy. a5 was best.} (17. a5 Rb8) 17... Qd7 $6 {
[%eval 91,0] Inaccuracy. Qc7 was best.} (17... Qc7 18. a5 Rad8 19. axb6 axb6
20. Nbd2 b5 21. Na3 Qb6 22. Nxb5 Qxb5 23. c4 Qb7 24. cxd5) 18. Qc2 $2 {[%eval
-149,0] Mistake. a5 was best.} (18. a5 Rad8 19. axb6 axb6 20. Nxb6 Nxb6 21.
Nxc5 Qc8 22. Nxe6 Qxe6 23. Be3 Nd7 24. Qc2 f4) 18... Rad8 {[%eval -193,0]} 19.
Ne3 $2 {[%eval -315,0] Mistake. Bf1 was best.} (19. Bf1 Nde7 20. Be3 Ng6 21. f3
Bxc4 22. dxc4 e4 23. Rad1 Qf7 24. Rxd8 Rxd8 25. f4 Bf6) 19... f4 $2 {[%eval
-125,0] Mistake. Ncb4 was best.} (19... Ncb4 20. cxb4 Nxb4 21. Qd1 Nxd3 22. Nd2
f4 23. Ne4 Nxe1 24. Qxe1 fxe3 25. Bxe3 Bf5 26. a5) 20. Nxd5 {[%eval -119,0]}
Bxd5 {[%eval -277,0]} 21. f3 {[%eval -267,0]} Bf7 {[%eval -117,0]} 22. Rd1 $4 {
[%eval -575,0] Blunder. Nd2 was best.} (22. Nd2 Qxd3) 22... c4 {[%eval -514,0]}
23. Nd2 {[%eval -555,0]} Qxd3 $6 {[%eval -329,0] Inaccuracy. cxd3 was best.} (
23... cxd3) 24. Qxd3 {[%eval -345,0]} Rxd3 {[%eval -335,0]} 25. Re1 {[%eval
-443,0]} Na5 {[%eval -341,0]} 26. Bf1 {[%eval -339,0]} Rdd8 {[%eval -359,0]}
27. Kf2 $6 {[%eval -426,0] Inaccuracy. Ne4 was best.} (27. Ne4 Nb3) 27... Re7 {
[%eval -334,0]} 28. gxf4 $6 {[%eval -537,0] Inaccuracy. Ne4 was best.} (28. Ne4
Nb3) 28... gxf4 {[%eval -552,0]} 29. Bh3 {[%eval -534,0]} Bf6 {[%eval -554,0]}
30. Rg1+ {[%eval -696,0]} Kh8 {[%eval -687,0]} 31. Ne4 {[%eval -503,0]} Bh4+ {
[%eval -617,0]} 32. Ke2 {[%eval -765,0]} Nb3 {[%eval -695,0]} 33. Rb1 {[%eval
-797,0]} Bd5 {[%eval -562,0]} 34. Rg4 {[%eval -632,0]} Bxe4 {[%eval -647,0]}
35. fxe4 {[%eval -616,0]} f3+ $4 {[%eval -24,0] Blunder. Bg5 was best.} (35...
Bg5 36. Bf1 f3+ 37. Kxf3 Bxc1 38. Rxc1 Nxc1 39. Bxc4 Nd3 40. b3 Nb2 41. Bd5 Nd1
42. Rg6) 36. Kxf3 {[%eval -198,0]} Rf7+ {[%eval -159,0]} 37. Kg2 {[%eval -195,
0]} Rf2+ {[%eval -143,0]} 38. Kh1 {[%eval -200,0]} Rd1+ {[%eval -121,0]} 39.
Rg1 {[%eval -142,0]} Rxc1 {[%eval -2,0]} 40. Rgxc1 {[%eval -6,0]} Nxc1 {
[%eval -1,0]} 41. Rxc1 {[%eval -22,0]} Rxb2 {[%eval -200,0]} 42. Be6 {[%eval
-194,0]} Bg5 {[%eval -13,0]} 43. Rd1 {[%eval -179,0]} Rc2 $2 {[%eval 83,0]
Mistake. Ra2 was best.} (43... Ra2) 44. Bxc4 {[%eval 82,0]} Rxc3 {[%eval 75,0]}
45. Bb5 {[%eval 77,0]} Rc2 {[%eval 79,0]} 46. h3 {[%eval 88,0]} Bf4 {[%eval 87,
0]} 47. Rd7 {[%eval 71,0]} Rh2+ {[%eval 72,0]} 48. Kg1 {[%eval 84,0]} Rxh3 {
[%eval 76,0]} 49. Rxa7 {[%eval 47,0]} Re3 {[%eval 56,0]} 50. Bc6 {[%eval 87,0]}
h5 {[%eval 91,0]} 51. a5 $2 {[%eval -139,0] Mistake. Bd7 was best.} (51. Bd7)
51... bxa5 {[%eval -197,0]} 52. Rxa5 {[%eval -2,0]} h4 {[%eval -108,0]} 53. Ra1
{[%eval -2,0]} Kg7 {[%eval -195,0]} 54. Rf1 $2 {[%eval -261,0] Mistake. Bd7
was best.} (54. Bd7 Rxe4) 54... Re2 $4 {[%eval 9,0] Blunder. Kh6 was best.} (
54... Kh6) 55. Rf3 {[%eval 93,0]} Kf6 $6 {[%eval 42,0] Inaccuracy. Rd2 was
best.} (55... Rd2) 56. Kf1 $6 {[%eval -83,0] Inaccuracy. Bd5 was best.} (56.
Bd5) 56... Rd2 {[%eval 75,0]} 57. Bb7 {[%eval 83,0]} Rd4 {[%eval 94,0]} 58. Kg2
{[%eval 58,0]} Kg5 {[%eval 48,0]} 59. Bc6 $4 {[%eval -624,0] Blunder. Bd5 was
best.} (59. Bd5 Rd2+ 60. Kf1 Kg4 61. Ra3 Bg3 62. Be6+ Kf4 63. Ra2 Rd1+ 64. Kg2
Kxe4 65. Ra4+ Ke3) 59... Rd2+ $6 {[%eval -316,0] Inaccuracy. Kg4 was best.} (
59... Kg4) 60. Kg1 {[%eval -338,0]} Kg4 {[%eval -336,0]} 61. Rf2 $4 {[%eval
-32751,0] Checkmate is now unavoidable. Rc3 was best.} (61. Rc3 Rd1+) 61... Be3
{[%eval -32751,0]} 0-1

[Event "Kvika Reykjavik Open 2022"]
[Site "Reykjavik, Iceland"]
[Date "2022.04.08"]
[Round "4.52"]
[White "Ingvason, Johann"]
[Black "Jonsson, Kristjan Dagur"]
[Result "1-0"]
[WhiteElo "2172"]
[BlackElo "1828"]
[PlyCount "71"]
[EventDate "2022.??.??"]

1. c4 {[%eval 23,0]} e5 {[%eval 25,0]} 2. g3 {[%eval 12,0]} Nf6 {[%eval 22,0]}
3. Bg2 {[%eval 16,0]} d5 {[%eval 19,0]} 4. cxd5 {[%eval 37,0]} Nxd5 {[%eval 4,
0]} 5. Nc3 {[%eval 26,0]} Nb6 {[%eval 23,0]} 6. d3 {[%eval 9,0]} Be7 {[%eval
33,0]} 7. a4 {[%eval 0,0]} O-O $6 {[%eval 56,0] Inaccuracy. a5 was best.} (7...
a5 8. Nf3 Nc6 9. Be3 h6 10. O-O O-O 11. Rc1 Bg4 12. h3) 8. a5 {[%eval 53,0]}
N6d7 {[%eval 47,0]} 9. Nf3 {[%eval 4,0]} Nc6 $6 {[%eval 103,0] Inaccuracy. Na6
was best.} (9... Na6 10. O-O c6 11. Bd2 h6 12. Ne4 Re8 13. Bc3 Qc7 14. Ned2 Nb4
15. Nc4 Bf8 16. Bxb4) 10. O-O {[%eval 85,0]} Re8 {[%eval 95,0]} 11. Nd5 {
[%eval 77,0]} Bf8 {[%eval 75,0]} 12. Bg5 {[%eval 32,0]} f6 {[%eval 38,0]} 13.
Be3 {[%eval 13,0]} Bc5 $4 {[%eval 181,0] Blunder. Ndb8 was best.} (13... Ndb8
14. Nc3) 14. b4 {[%eval 187,0]} Bxe3 {[%eval 202,0]} 15. fxe3 $2 {[%eval 91,0]
Mistake. Nxe3 was best.} (15. Nxe3) 15... Nf8 {[%eval 114,0]} 16. Nc3 {[%eval
87,0]} Ne6 {[%eval 117,0]} 17. Qb3 {[%eval 102,0]} Kh8 $6 {[%eval 179,0]
Inaccuracy. a6 was best.} (17... a6) 18. a6 {[%eval 221,0]} Rb8 {[%eval 155,0]}
19. Nd2 {[%eval 176,0]} Qd6 {[%eval 185,0]} 20. b5 {[%eval 192,0]} Nc5 $4 {
[%eval 671,0] Blunder. Ne7 was best.} (20... Ne7 21. Nce4) 21. Qc4 $4 {[%eval
225,0] Blunder. Qd5 was best.} (21. Qd5 Nb4) 21... Be6 $4 {[%eval 464,0]
Blunder. Ne7 was best.} (21... Ne6 22. Qh4 Ne7 (22... Nc5) 23. Nde4 Nc6) (21...
Ne7 22. Qb4) 22. Qh4 $6 {[%eval 300,0] Inaccuracy. Nce4 was best.} (22. Nce4
Nxe4) 22... Ne7 $6 {[%eval 406,0] Inaccuracy. Nd8 was best.} (22... Nd8 23.
axb7 Ndxb7 24. Nc4 Qd8 25. Rxa7 h6 26. Bc6 Bd7 27. Bxd7 Qxd7 28. b6 Ne6 29.
bxc7) 23. Nde4 {[%eval 392,0]} Nxe4 {[%eval 447,0]} 24. Nxe4 {[%eval 399,0]}
Qb6 $6 {[%eval 588,0] Inaccuracy. Qb4 was best.} (24... Qb4 25. Rab1) 25. Nxf6
{[%eval 633,0]} gxf6 {[%eval 618,0]} 26. Qxf6+ {[%eval 627,0]} Kg8 {[%eval 606,
0]} 27. Qg5+ {[%eval 608,0]} Ng6 {[%eval 603,0]} 28. Rf6 {[%eval 568,0]} Rf8 {
[%eval 529,0]} 29. Rxg6+ $6 {[%eval 307,0] Inaccuracy. Raf1 was best.} (29.
Raf1) 29... hxg6 {[%eval 346,0]} 30. Qxg6+ {[%eval 346,0]} Kh8 {[%eval 418,0]}
31. Qh6+ {[%eval 364,0]} Kg8 {[%eval 432,0]} 32. Qg5+ {[%eval 379,0]} Kf7 {
[%eval 353,0]} 33. axb7 {[%eval 356,0]} Rg8 $4 {[%eval 1014,0] Blunder. Qxb5
was best.} (33... Qxb5 34. Rc1 Rxb7 35. Rf1+ Ke8 36. Qg6+ Ke7 37. Rxf8 Kxf8 38.
Bxb7 Qxb7 39. Qxe6 a5 40. Kf2) 34. Rf1+ {[%eval 1057,0]} Ke8 {[%eval 1046,0]}
35. Bc6+ {[%eval 1055,0]} Bd7 $6 {[%eval 32760,0] Checkmate is now unavoidable.
Qxc6 was best.} (35... Qxc6 36. Qh5+) 36. Qxe5+ {[%eval 32762,0]} 1-0

[Event "Kvika Reykjavik Open 2022"]
[Site "Reykjavik, Iceland"]
[Date "2022.04.08"]
[Round "4.53"]
[White "Smith, Lynda"]
[Black "Domalchuk-Jonasson, Aleksandr"]
[Result "0-1"]
[WhiteElo "1772"]
[BlackElo "2169"]
[PlyCount "74"]
[EventDate "2022.??.??"]

1. f4 {[%eval 25,0]} d5 {[%eval 16,0]} 2. Nf3 {[%eval 15,0]} Nf6 {[%eval 37,0]}
3. g3 {[%eval 38,0]} g6 {[%eval 0,0]} 4. Bg2 {[%eval 33,0]} Bg7 {[%eval 12,0]}
5. d3 {[%eval 45,0]} O-O {[%eval 0,0]} 6. O-O {[%eval 22,0]} c5 {[%eval 0,0]}
7. c3 {[%eval 45,0]} Nc6 {[%eval 4,0]} 8. Nbd2 {[%eval 8,0]} b6 $6 {[%eval 16,
0] Inaccuracy. d4 was best.} (8... d4) 9. Qc2 $6 {[%eval 72,0] Inaccuracy. e4
was best.} (9. e4) 9... a5 {[%eval 5,0]} 10. e4 {[%eval 1,0]} dxe4 {[%eval 0,0]
} 11. dxe4 {[%eval 2,0]} Ba6 {[%eval 35,0]} 12. Re1 {[%eval 17,0]} e5 {[%eval
15,0]} 13. Bf1 {[%eval 13,0]} exf4 {[%eval 27,0]} 14. Bxa6 {[%eval 25,0]} Rxa6
{[%eval 35,0]} 15. gxf4 {[%eval 1,0]} Nh5 {[%eval 54,0]} 16. Nf1 {[%eval 51,0]}
Qc7 $6 {[%eval 9,0] Inaccuracy. Qc8 was best.} (16... Qc8) 17. Qe2 $6 {[%eval
43,0] Inaccuracy. e5 was best.} (17. e5 Qc8) 17... Raa8 {[%eval 46,0]} 18. e5 {
[%eval 45,0]} Rad8 $6 {[%eval 39,0] Inaccuracy. f6 was best.} (18... f6 19. Ng3
fxe5 20. Nxh5 gxh5 21. Qe4 Rae8 22. Ng5 Bf6 23. f5 Kh8 24. Kh1 Rg8 25. Rg1) 19.
Ng3 {[%eval 39,0]} Nxg3 {[%eval 26,0]} 20. hxg3 {[%eval 0,0]} Qd7 $6 {[%eval 8,
0] Inaccuracy. f6 was best.} (20... f6 21. Qc4+ Kh8 22. exf6 Bxf6 23. Be3 h5
24. Bf2 Kg7 25. a4 Rfe8 26. Kg2 Qb7 27. Rad1) 21. Be3 {[%eval 84,0]} f6 {
[%eval 68,0]} 22. Qc4+ {[%eval 28,0]} Qd5 {[%eval 39,0]} 23. Qxd5+ {[%eval 34,
0]} Rxd5 {[%eval 27,0]} 24. exf6 {[%eval 21,0]} Bxf6 {[%eval 3,0]} 25. Rad1 {
[%eval 0,0]} Rfd8 {[%eval 15,0]} 26. Rxd5 {[%eval 6,0]} Rxd5 {[%eval 24,0]} 27.
Kf2 {[%eval 24,0]} a4 {[%eval 22,0]} 28. Bc1 $6 {[%eval 43,0] Inaccuracy. Bd2
was best.} (28. Bd2 Kf7 29. Re4 b5 30. c4 bxc4 31. Rxc4 Bxb2 32. Rxa4 Ke6 33.
Be3 Kf5 34. Nd2 Bd4) 28... Kf7 {[%eval 29,0]} 29. g4 {[%eval 42,0]} a3 {
[%eval 39,0]} 30. Ke2 {[%eval 72,0]} Na5 {[%eval 39,0]} 31. Nd2 {[%eval 7,0]}
axb2 {[%eval 6,0]} 32. Bxb2 {[%eval 59,0]} h5 {[%eval 67,0]} 33. g5 {[%eval
-89,0]} Bg7 {[%eval 97,0]} 34. Rb1 {[%eval -79,0]} Ke6 $6 {[%eval 23,0]
Inaccuracy. Rd6 was best.} (34... Rd6 35. Ne4 Re6 36. Kd3 Nc4 37. Kxc4 Rxe4+
38. Kb5 Ke6 39. c4 Bxb2 40. Rxb2 Kf5 41. a4) 35. Ba1 $6 {[%eval -88,0]
Inaccuracy. Bc1 was best.} (35. Bc1) 35... Kf5 {[%eval 66,0]} 36. Rxb6 $4 {
[%eval -782,0] Blunder. c4 was best.} (36. c4) 36... Rxd2+ {[%eval -800,0]} 37.
Kxd2 {[%eval -739,0]} Nc4+ 0-1